Library Banner

Islamiyat Al Marifah (Record no. 96595)

MARC details
000 -LEADER
fixed length control field 00478nam a22001697a 4500
005 - DATE AND TIME OF LATEST TRANSACTION
control field 20170807113857.0
008 - FIXED-LENGTH DATA ELEMENTS--GENERAL INFORMATION
fixed length control field 170807b xxu||||| |||| 00| 0 eng d
022 ## - INTERNATIONAL STANDARD SERIAL NUMBER
International Standard Serial Number 17294193
040 ## - CATALOGING SOURCE
Transcribing agency PK-LaUMT
082 ## - DEWEY DECIMAL CLASSIFICATION NUMBER
Classification number ZIAC 297.05
Item number FAT-I
100 ## - MAIN ENTRY--PERSONAL NAME
Personal name Fathi Hassan
245 ## - TITLE STATEMENT
Title Islamiyat Al Marifah
Remainder of title Journal of Contemporary Islamic Thought
Statement of responsibility, etc Fathi Hassan
260 ## - PUBLICATION, DISTRIBUTION, ETC. (IMPRINT)
Place of publication, distribution, etc USA
Name of publisher, distributor, etc The International Institute of Islamic Thought
Date of publication, distribution, etc 2012
300 ## - PHYSICAL DESCRIPTION
Extent 214 p
546 ## - LANGUAGE NOTE
Language note ARA
942 ## - ADDED ENTRY ELEMENTS (KOHA)
Koha item type Books
Holdings
Withdrawn status Lost status Damaged status Home library Current library Date acquired Full call number Barcode Date last seen Price effective from Koha item type
      UMT Main Campus UMT Main Campus 2017-08-07 ZIAC 297.05 FAT-I 112175 2017-08-07 2017-08-07 Books